000 00814nam a22002777a 4500
005 20150414085758.0
006
008 080807s2004 caua s 001 0 eng d
020 _z9780072230666
041 0 _aeng
080 _a004
100 1 _aUrman, Scott.
245 1 0 _aOracle Database 10g PL/SQL programming
_cScott Urman, Ron Hardman, Michael McLaughlin.
246 3 _aPL/SQL programming
256 _aComputer document.
260 _aEmeryville, Calif. :
_bMcGraw-Hill/Osborne,
_c2004
300 _a862 f.:
_bme il.;
_c23 cm
505 _aIndex: f. 839 - 862
630 0 0 _aOracle (Computer file)
650 0 _aKompjuterat
650 0 _aGjuha programuese
655 7 _aElectronic books.
700 1 _aHardman, Ron.
700 1 _aMcLaughlin, Michael.
942 _2udc
_cBK
999 _c691
_d691